000 01437nam a2200313 i 4500
003 DO-SdBNP
005 20260303121026.0
007 ta
008 260218b1997 dr ||||| |||| 00| p spa d
040 _aDO-SdBNP
_bspa
_cBNPHU
_erda
041 _aspa
082 4 _aRD861.4
_bD352p
_222
100 1 _aDelgado, Vetilio
_d1905-1989
_eautor
_4aut.
_989052
245 1 0 _aPoemas desde el cielo (obra póstuma) /
_cVetilio Delgado ; edición, introducción y notas del profesor Lulio Blanchard.
250 _aPrimera edición
264 _aSanto Domingo, República Dominicana :
_bEditora Tavarez,
_c1977.
300 _a52 páginas ;
_c23 cm.
336 _atexto
_btxt
_2rdacontent
337 _asin mediación
_bn
_2rdamedia
338 _avolumen
_bnc
_2rdacarrier
500 _aIncluye datos biográficos del autor en la contracubierta
505 _aSemblanza, 7.-- Poemas (1920-1989)/ Madrigal, 14.-- Antítesis, 15.-- Homenaje a Bani, 16.-- Lampos y nublos, 18.-- Golondrina fugaz, 21.-- Al partir, 23.-- Ensueño vesperal, 24.-- Espejismo, 28.-- Llanto por la ausencia de tus ojos azules, 30.-- Punto de vista teológico, 31.-- Transición, 35.-- Necrología, 36.-- Fragmentos, 41.
590 _aInventariado, 2026 /LP
650 7 _aPoesía dominicana
_2LEMB
650 7 _aLiteratura dominicana
_2LEMB
700 1 _aBlanchard, Juan Lulio
_eedición
_4ed.
_943061
910 _aLP/Validado. Control de calidad MFF
942 _2ddc
_cLBS1
999 _c60359
_d60359